Derechos del corazón : una inteligencia cordial /

Kaydedildi:
Detaylı Bibliyografya
Yazar: Boff, Leonardo (autor)
Diğer Yazarlar: Martín Ramírez, Carlos (traducción) (traducción)
Materyal Türü: Kitap
Dil:İspanyolca
Baskı/Yayın Bilgisi: Madrid, España : Trotta, 2015, c2015
Seri Bilgileri:(Estructuras y Procesos. Religión)
Konular:
Etiketler: Etiketle
Etiket eklenmemiş, İlk siz ekleyin!

MARC

LEADER 00000nam^a2200000^a^4500
001 000380918
005 20250521000000.0
009 20260310120625.045
020 |a 978-84-9879-607-0 
037 |a Acervo ITESO - Biblioteca 
041 |a ESP 
082 |a 152. 4  |b BOF 
100 |a Boff, Leonardo  |e (autor) 
245 1 0 |a Derechos del corazón :  |b una inteligencia cordial /  |c L. Boff ; tr. por C. Martín Ramírez. 
264 4 |a Madrid, España :  |b Trotta,  |c 2015, c2015 
300 |a 99 p. 
336 |a texto  |b txt  |2 rdacontenido 
337 |a sin mediación  |b n  |2 rdamedio 
338 |a volumen  |b nc  |2 rdasoporte 
440 1 |a (Estructuras y Procesos.  |p Religión) 
500 |a Traducción de: Direitos del coração. O resgate da inteligência cordial 
649 |a XX 
650 |a Cortesía 
650 |a Amor 
650 |a Misericordia 
650 |a Emoción -  |x Tema Principal 
650 |a Afectividad 
650 |a Comunicación Personal 
650 |a Interacción Social 
650 |a Psicología 
700 |a Martín Ramírez, Carlos  |e (traducción) 
910 |a Fondo General 
920 |a Impresos - Libros 
930 |a Colección General 
905 |a 101 
901 |a 0500275715  |b IT1  |c ACC  |i C152020  |u 20250521 
901 |a 0500284212  |b IT1  |c ACC  |i C153248  |u 20250521 
902 |a https://opac.biblio.iteso.mx/vufind/Record/000380918